Представление документа в формате RUSMARC

ПолеНазваниеЗначение
  Тип записи a
  Библиографический уровень m
001 Контрольный номер RU/SLIB/B/231086599
005 Дата корректировки 20240320153014.4
010 Индекс ISBN __
a ISBN 5-7654-4347-8
d Цена 108-13
101 Язык документа 0_
a Язык текста rus
c Язык оригинала rus
200 Заглавие и сведения об ответственности 1_
a Заглавие Третий рейх. Война: кризис и крах
e Сведения, относящиеся к заглавию вермахт, война и немецкое общество
f Первые сведения об ответственности О. Ю. Пленков ; ОЛМА Медиагрупп
b Общее обозначение материала Текст
h Номер части Кн. 2
210 Выходные данные 1_
a Место издания М.
210 Выходные данные 1_
a Место издания СПб.
c Издательство Нева
d Дата издания 2005
215 Физическое описание __
a Объем 512 с.
225 Серия 2_
a Серия Секретные материалы
320 Библиография __
a Библиография Библиогр.: с. 458-508
327 Примечание о содержании 0_
a Примечание о содержании Война: кризис и крах
330 Аннотация __
a Аннотация Вторая мировая война окончена в середине прошлого века, но это не означает, что все тайны, которые таили те, кто развязал эту войну, раскрыты и все загадки разгаданы.
606 Тематические рубрики __
a Основная рубрика История
z Хронологическая подрубрика 20 в.
y Географическая подрубрика Германия
606 Тематические рубрики __
a Основная рубрика Европа с 1918 г. -
610 Ключевые слова 0_
a Ключевые слова фашизм; Третий рейх; нацизм; нацисты; нацистская партия; арийцы; Вторая мировая война; вермахт; история войн; немецкое общество
686 Индексы других классификаций __
a Классификационный индекс 63.3(4Гем)62
700 Автор _1
a Фамилия Пленков
b Имя О. Ю.
4 Код отношения 070
801 Источник записи _0
a Страна RU
b Организация Муниципальное бюджетное учреждение культуры "Централизованная библиотечная система" г. Сургут (Центральная городская библиотека им. А. С. Пушкина)
g Правила каталогизации КиК/Елгина
801 Источник записи _1
a Страна RU
b Организация Муниципальное бюджетное учреждение культуры "Централизованная библиотечная система" г. Сургут (Центральная городская библиотека им. А. С. Пушкина)
g Правила каталогизации КиК/Елгина
852 Данные о местонахождении __
j Шифр хранения 63.3(4Гем)62
c Каталожный индекс 63.3(4Гем)
i Авторский знак П 38
901 Тип документа __
t Тип документа m
903 Характеристики (МАРС) __
a Дата передачи 20070507
990 Данные о заказе (DOS) __
j Количество экземпляров (DOS) 2
t N записи в КСУ для И/У (DOS) 200705